|
|
|
|
| LEADER |
00000nam a22000007a 4500 |
| 008 |
170320b2013 ec a|||| |||| 00| | spa d |
| 999 |
|
|
|c 3408
|d 3408
|
| 090 |
|
|
|a 06.03.07
|b 2405
|
| 100 |
1 |
|
|9 2036
|a Villarroel Idrovo, Jorge
|
| 245 |
1 |
0 |
|a Guía para la formulación del proyecto de vida académica /
|c Jorge Villarroel Idrovo
|
| 260 |
|
|
|a Ibarra, Ecuador :
|b Universidad Técnica del Norte,
|c 2013
|
| 300 |
|
|
|a 64 páginas;
|b ilustraciones
|
| 650 |
1 |
4 |
|9 498
|a FORMACIÓN PROFESIONAL
|
| 650 |
1 |
4 |
|9 481
|a ESTUDIANTES UNIVERSITARIOS
|
| 650 |
1 |
4 |
|9 8
|a EDUCACIÓN SUPERIOR
|
| 650 |
1 |
4 |
|9 1822
|a GUÍA
|
| 942 |
|
|
|i 004300
|h 06.03.07 2405
|2 z
|c 01
|